000 00433nam a2200181Ia 4500
008 170705s9999 xx 000 0 und d
020 _a9780142411872
245 _aEight grade bites /
245 _cHeather Brewer.
260 _aEngland :
260 _bSpeal,
260 _c2007
300 _a182 pages :
300 _bcolor illustration ;
300 _c21cm.
440 _aThe chronicle of Vladimir Tod ;
500 _a780
999 _c336355
_d336355